000 00542nam a2200169Ia 4500
005 20250326124041.0
008 250326s9999 xx 000 0 und d
037 _aTextbook
040 _aFMSL
_beng
_cFMSL
041 _aeng
_2eng
084 _aX.44'N73S L3
_qFMSL
245 0 _aBasic statistics relating to Indian economy
260 _aNew Delhi
_bNew Delhi, Central Statistical Organisation Department Of Statistics Governemtn Of India
_c1973
300 _a132p
942 _cTB
_hX.44'N73S L3
999 _c1272056
_d1272056